Statistics for People from this country...

Click here to take the quiz!

General Stats

  • This quiz has been taken 63 times
    (54 since last reset)
  • The average score is 110 of 194

Answer Stats

Country Answer % Correct
AustraliaAustralian, Ozzie, Aussie
95%
AustriaAustrian
95%
GreeceGreek
93%
ItalyItalian
90%
Vatican Citynone
90%
AlbaniaAlbanian
90%
JapanJapanese
90%
IndiaIndian
88%
ArmeniaArmenian
88%
AfghanistanAfghan
88%
CanadaCanadian
88%
KenyaKenyan
86%
AlgeriaAlgerian
86%
IndonesiaIndonesian
86%
JamaicaJamaican
86%
MexicoMexican
83%
ChinaChinese
83%
RussiaRussian
83%
IsraelIsraeli
83%
GermanyGerman
83%
SerbiaSerbian
81%
IraqIraqi
81%
HaitiHaitian
81%
FranceFrench
81%
GuineaGuinean
81%
IrelandIrish
81%
LatviaLatvian
81%
RomaniaRomanian
81%
AndorraAndorran
81%
CroatiaCroat, Croatian
79%
BulgariaBulgarian
79%
AngolaAngolan
79%
LiberiaLiberian
79%
PolandPolish
79%
BrazilBrazilian
79%
EgyptEgyptian
76%
South KoreaSouth Korean
76%
Dominican RepublicDominican
76%
FinlandFinnish
76%
IranIranian
76%
MalaysiaMalaysian
76%
DominicaDominican
76%
SlovakiaSlovakian
76%
SloveniaSlovenian
76%
SomaliaSomali
76%
HungaryHungarian
76%
Czech RepublicCzech
76%
DenmarkDanish
76%
CubaCuban
76%
NigeriaNigerian
74%
Saudi ArabiaSaudi
74%
NigerNigerian
74%
Sao Tome & PrincipeSao Tomean
74%
MacedoniaMacedonian
74%
LithuaniaLithuanian
74%
CambodiaCambodian
74%
United StatesAmerican
74%
EstoniaEstonian
74%
EthiopiaEthiopian
74%
SpainSpanish
74%
MongoliaMongolian
71%
ColombiaColombia
71%
NetherlandsDutch
71%
North KoreaNorth Korean
71%
SwitzerlandSwiss
71%
Antigua & BarbudaAntiguan, Barbudan
71%
BahrainBahraini
71%
BelgiumBelgian
71%
NamibiaNamibian
69%
SwedenSwedish
69%
TurkeyTurkish
69%
LaosLaotian
69%
GambiaGambian
69%
BangladeshBangladeshi
69%
BoliviaBolivian
69%
SyriaSyrian
69%
PeruPeruvian
69%
GuatemalaGuatemalan
69%
JordanJordanian
67%
Bosnia & HerzegovinaBosnian, Herzegovinian
67%
KuwaitKuwaiti
67%
ThailandThai
67%
Costa RicaCosta Rica
67%
PakistanPakistani
67%
ChileChilean
67%
SamoaSamoan
67%
RwandaRwandan
64%
MalawiMalawian
64%
NepalNepalese
64%
South AfricaSouth African
64%
MicronesiaMicronesian
64%
GeorgiaGeorgian
64%
MoldovaMoldovan
64%
TanzaniaTanzanian
64%
EriteraEritrean
64%
GrenadaGrenadian
64%
AzerbaijanAzerbaijani
64%
St. LuciaSaint Lucian
62%
MoroccoMoroccan
62%
QatarQatari
62%
SudanSudanese
62%
OmanOmani
62%
South SudanSouth Sudanese
62%
KyrgyzstanKyrgyz, Kirghiz
62%
MauritaniaMauritanian
60%
United KingdomBritish
60%
PortugalPortuguese
60%
KazakhstanKazakhstani
60%
VietnamVietnamese
60%
BelarusBelarusian
60%
TunisiaTunisian
60%
LebanonLebanese
60%
BurundiBurundian
60%
MaltaMaltese
60%
ArgentinaArgentinean
57%
TaiwanTaiwanese
57%
FijiFijian
57%
TajikistanTajik, Tadzhik
55%
NicaraguaNicaraguan
55%
UkraineUkrainian
55%
KiribatiI-Kiribati
55%
DjiboutiDjibouti
55%
UgandaUgandan
55%
VenezuelaVenezuelan
52%
ZambiaZambian
52%
PhilippinesFilipino
52%
SenegalSenegalese
52%
ParaguayParaguayan
52%
LibaLibyan
52%
ChadChadian
52%
MaliMalian
52%
GabonGabonese
50%
Sri LankaSri Lankan
50%
SwazilandSwazi
50%
CyprusCypriot
48%
New ZealandNew Zealander, Kiwi
48%
CameroonCameroonian
48%
TurkmenistanTurkmen
48%
UzbekistanUzbek
48%
NorwayNorwegian
45%
HondurasHonduran
45%
SingaporeSingaporean
43%
BahamasBahamian
43%
YemenYemeni
43%
BhutanBhutanese
40%
TongaTongan
40%
Central African RepublicCentral African
38%
ZimbabweZimbabwean
38%
Trinidad & TobagoTrinidadian, Tobagonian
38%
Cape VerdeCape Verdian
38%
PalauPalauan
36%
MonacoMonegasque, Monacan
36%
MauritiusMauritian
36%
BarbadosBarbadian, Bajun
33%
GuyanaGuyanese
33%
Democratic Republic of the CongoCongolese
33%
IcelandIcelander
33%
UruguayUruguayan
33%
BelizeBelizean
31%
PanamaPanamanian
29%
GhanaGhanaian
29%
Equatorial GuineaEquatorial Guinean, Equatoguinean
29%
Brunei DarussalamBruneian
26%
St. Vincent & The GrenadinesSaint Vincentian, Vincentian
26%
Papua New GuineaPapua New Guinean
26%
TuvaluTuvaluan
24%
BeninBeninese
24%
St. Kitts & NevisKittian & Nevisian
24%
NauruNauruan
24%
VanuatuNi-Vanuatu
21%
East TimorEcuadorean
21%
Sierra LeoneSierra Leonean
19%
MadagascarMalagasy
19%
KosovoKosovar
19%
Solomon IslandsSolomon Islander
19%
Guinea-BissauGuinea-Bissauan
19%
El SalvadorSalvadoran
17%
LuxembourgLuxembourger
17%
MontenegroMontenegrin
17%
TogoTogolese
17%
LiechtensteinLiechtensteiner
17%
EcuadorEast Timorese
17%
Marshall IslandsMarshallese
14%
Cote d'IvoireIvorian
14%
ComorosComoran
12%
Burkina FasoBurkinabe
7%
MozambiqueMozambican
5%
MaldivesMaldivan
5%
SeychellesSeychellois
5%
SurinameSurinamer
5%
United Arab EmiratesEmirian
2%
BotswanaMotswana, Batswana (plural)
2%
San MarinoSammarinese
2%
LesothoMosotho
2%

Score Distribution

Percentile by Number Answered

Percent of People with Each Score

Your Score History

You have not taken this quiz since the last reset